000 01823cam a22004454i 4500
003 PE-LiUPU
005 20250731172943.0
008 150623s1996 miu rb 000 0 eng d
020 _a0802841309
035 _a(Sirsi) i9780802841308
040 _aPE-LiUPU
_bspa
_cPE-LiUPU
_erda
049 _aPRUA
082 0 4 _a261.8358
_bE66b
_223
100 1 _aErdman, Chris William,
_eautor.
245 1 0 _aBeyond chaos :
_bliving the Christian family in a world like ours /
_cChris William Erdman.
264 1 _aMichigan :
_bWilliam B. Eerdmans Publishing Company,
_c1996.
300 _a160 páginas ;
_c23 centímetros.
336 _atext
_2rdacontent
337 _aunmediated
_2rdamedia
338 _avolume
_2rdacarrier
504 _aBibliografía al pie de páginas.
505 0 _aThe family faces a changing world: The changing look of main street -- A sign of the times -- The family recovers its identity: Exile: strangers in the land -- Babylon: naming the power -- Exodus:hope in God -- The family engages God's world: The art of the start: Baptism, marriage, and singleness -- Life together: on becoming real -- Money matters; toward a quiet revolution -- Teaching the faith: disciple-making comes home -- Practicing Forgiveness: it runs in the family.
526 _aSEG42
526 _aSEG41
526 _aSEG40
526 _aSEG39
526 _aP94
526 _aP87
526 _aP86
526 _aP85
526 _aP77
526 _aP76
526 _aP35
650 1 4 _aFamilias
_xCristianismo.
650 2 4 _aFamilias
_xVida religiosa.
942 _2ddc
_cBK
_n0
949 _a261.8358 E66b
_wDEWEY
_c1
_i44692
_lCCODEBUL1
_mBUL
_r0
_sY
_tBOOK
_u2015-6-24
_xTEOLOGIA
_0COMPRA
_o.STAFF. Colección Teología
980 _81
_gALBERTO SANCHEZ Responsable de Automatización
999 _c21555
_d21555